Systém manažérstva kvality v školstve

Výsledky prieskumu ARRA. Ratingové hodnotenie vysokých škôl. Kvalita študentov a pripravenosť na prax. Dôležitosť aspektov pri hodnotení kvality vedeckej práce. Dôvody výberu školy – segmentácia. Rating vysokých škôl podľa Modelu A.

Uložené v:
Podrobná bibliografia
Hlavný autor: Bilohuščinová, Denisa
Ďalší autori: Nižníková, Zuzana, 1986-
Médium: Kapitola
Jazyk:Slovak
Predmet:
Tagy: Pridať tag
Žiadne tagy, Buďte prvý, kto otaguje tento záznam!

MARC

LEADER 00000nla$a2200000$$$4500
001 0120757
005 20240502072351.3
041 0 |a slo 
044 |a SK 
245 1 0 |a Systém manažérstva kvality v školstve  |c Denisa Bilohuščinová, Zuzana Nižníková 
520 |a Výsledky prieskumu ARRA. Ratingové hodnotenie vysokých škôl. Kvalita študentov a pripravenosť na prax. Dôležitosť aspektov pri hodnotení kvality vedeckej práce. Dôvody výberu školy – segmentácia. Rating vysokých škôl podľa Modelu A. 
610 2 0 |a vzdelávanie vysokoškolské 
610 2 0 |a kvalita 
610 2 0 |a študenti 
610 2 0 |a učitelia 
610 2 0 |a školy vysoké 
610 2 0 |a riadenie kvality 
610 2 0 |a prieskum informačný 
100 1 |a Bilohuščinová, Denisa 
700 1 |a Nižníková, Zuzana, 1986-